UBT Library

The meaning of things : (Record no. 41422)

000 -LEADER
fixed length control field 00684pam a2200241 a 4500
001 - CONTROL NUMBER
control field 4205142
005 - DATE AND TIME OF LATEST TRANSACTION
control field 20180201030749.0
008 - FIXED-LENGTH DATA ELEMENTS--GENERAL INFORMATION
fixed length control field 810220s1981 enk b 001 0 eng
010 ## - LIBRARY OF CONGRESS CONTROL NUMBER
LC control number 81001443
020 ## - INTERNATIONAL STANDARD BOOK NUMBER
International Standard Book Number 0521239192
020 ## - INTERNATIONAL STANDARD BOOK NUMBER
International Standard Book Number 052128774X (pbk.)
040 ## - CATALOGING SOURCE
Original cataloging agency DLC
Transcribing agency DLC
Modifying agency DLC
041 ## - LANGUAGE CODE
Language code of text/sound track or separate title eng
080 ## - UNIVERSAL DECIMAL CLASSIFICATION NUMBER
Universal Decimal Classification number 155.2
082 00 - DEWEY DECIMAL CLASSIFICATION NUMBER
Classification number 155.2 CSI
Edition number 19
100 1# - Rafti
Rafti 50
101 ## - Shkurtesa
Shkurtesa SOC
245 14 - TITLE STATEMENT
Title The meaning of things :
Statement of responsibility, etc Mihaly Csikszentmihalyi and Eugene Rochberg-Halton.
504 ## - BIBLIOGRAPHY, ETC. NOTE
Bibliography, etc Bibliography: p. 290-297.
740 0# - ADDED ENTRY--UNCONTROLLED RELATED/ANALYTICAL TITLE
Uncontrolled related/analytical title Domestic symbols and the self.
906 ## - LOCAL DATA ELEMENT F, LDF (RLIN)
a 7
b cbc
c orignew
d 1
e ocip
f 19
g y-gencatlg
942 ## - ADDED ENTRY ELEMENTS (KOHA)
Source of classification or shelving scheme
Item type Books
Holdings
Withdrawn status Lost status Source of classification or shelving scheme Damaged status Not for loan Collection code Permanent location Current location Shelving location Date acquired Total Checkouts Full call number Barcode Date last seen Price effective from Koha item type
          Koleksioni i përgjithshem UBT - Lipjan UBT - Lipjan Koleksioni i përgjithshem 02/01/2018   155.2 CSI 002-2997674 02/01/2018 02/01/2018 Books
UBT Library © 2015-2024. All rights reserved University Education for Business and Technology